000 00644nam a22002057a 4500
008 160104b xxu||||| |||| 00| 0 eng d
020 _a978-1-4462-5322-9
020 _a978-1-4462-5323-6
082 _aDC 150.287
_bN48
100 _91363
_aNewton, Paul E.
245 _aValidity in educational & psychological assessment/
_cPaul E. Newton & Stuart D. Shaw
260 _aLos Angeles;
_bSage,
_cc2014.
300 _axxi, 253 pages;
_c24 cm.
500 _aIncludes index.
650 0 _91366
_aEducational assessment
650 0 _91367
_aPsychological assessment
700 _91364
_aShaw, Stuart D.
365 _b3,632.00
_cPHP.
942 _2ddc
_cDC
999 _c520
_d520